Message of The Prophet (Record no. 298670)

000 -LEADER
fixed length control field 00330 a2200121 4500
001 - CONTROL NUMBER
control field 63597
082 ## - DEWEY DECIMAL CLASSIFICATION NUMBER
Classification number 297.63 MRA
090 ## - LOCALLY ASSIGNED LC-TYPE CALL NUMBER (OCLC); LOCAL CALL NUMBER (RLIN)
-- 37592
-- 37592
100 ## - MAIN ENTRY--PERSONAL NAME
Personal name Ministry of Religous Affairs Govt of Pakistan
245 ## - TITLE STATEMENT
Title Message of The Prophet
Medium English
260 ## - PUBLICATION, DISTRIBUTION, ETC.
Name of publisher, distributor, etc. Ministry of Religous Affairs Govt of Pakistan
300 ## - PHYSICAL DESCRIPTION
Extent 150p
942 ## - ADDED ENTRY ELEMENTS (KOHA)
Institution code [OBSOLETE] CAE NUST
Call number prefix 297.63 MRA
Holdings
Withdrawn status Lost status Damaged status Not for loan Collection code Permanent Location Current Location Date acquired Total Checkouts Full call number Barcode Date last seen Price effective from Koha item type
          College of Aeronautical Engineering (CAE) College of Aeronautical Engineering (CAE) 04/03/2017   297.63 MRA CAEG-5392 04/05/2017 04/05/2017 Book
© 2023 Central Library, National University of Sciences and Technology. All Rights Reserved.